000 00722nam a2200289Ia 4500
005 20260324130517.0
008 008 260324s9999 xx 000 0 eng d
020 _a9780429133039
037 _aEBOOK
040 _aCRL
040 _beng
040 _cCRL
041 _2eng
041 _aeng
084 _qCRL
100 _aSigurjon Thor Arnason; Keith D. Willett
_91182056
245 0 _aHow to Achieve 27001 Certification
245 3 _bAn Example of Applied Compliance Management
260 _bTaylor and Francis
260 _c2007
365 _a
365 _b210
856 _uhttp://www.taylorfrancis.com/books/9780429133039
942 _cEBOOK
999 _c1778275
_d1778275